000
00223nam a22000857a 4500
008
160719b xxu||||| |||| 00| 0 eng d
100
_9
3054
_a
Barton, G
245
_a
Developing Poetry Skills
260
_a
London
_b
Heine Mann
_c
1998
999
_c
2617
_d
2617